000 00814nam a2200229Ia 4500
008 130821s2005 sp gr spa
020 _a8477337977
040 _aCo-BoUCM
_bspa
041 0 0 _aspa
245 0 0 _aHistoria de la crítica del arte textos escogidos y comentados a cargo de Jesús-Pedro Lorente
260 _aBarcelona (España)
_bDocumentos
_c2005
300 _a704 páginas
490 _aDocumentos para la Historia del Arte
_v1
504 _aIncluye bibliografía
650 0 4 _aApreciación del arte
_99253
650 0 4 _aArte
_xCrítica e interpretación, etc.
_99444
650 0 4 _aCrítica e interpretación
_97470
650 0 4 _aHistoria del arte
_916936
700 1 _aLorente, Jesús-Pedro
_9164145
942 _cLIBRO
_a17
_e1
_mL868h
_2DEWEY
_h701.18
999 _c55967
_d55967